Una vita di Colette : i segreti della carne /

Na minha lista:
Detalhes bibliográficos
Autor principal: Thurman, Judith (Author)
Outros Autores: Amato, Bruno, Bigliosi, Cinzia
Formato: Livro
Idioma:Língua italiana
Publicado em: Milano : Feltrinelli, 2001
Colecção:Le comete
Assuntos:
Tags: Adicionar Tag
Sem tags, seja o primeiro a adicionar uma tag!

MARC

LEADER 00000nam a2200000 i 4500
001 IT\ICCU\RAV\0790953
003 ItRI
005 20260115231856.0
008 011026s2001 it |||||| ||||| |||||c
020 |a 8807530015 
040 |b ita  |c importazione bologna sebina 
041 7 |a ita  |2 ISO-639-2 
082 |a 843.912  |9 NARRATIVA FRANCESE, 1900-1945  |2 21 
100 1 |a Thurman, Judith  |0 IT\ICCU\CFIV\005920  |4 aut 
240 1 0 |a Secrets of the flesh.  |3 IT\ICCU\LO1\0606441  |9 Thurman, Judith 
245 1 4 |a Una vita di Colette :  |b i segreti della carne /  |c Judith Thurman ; cura e nota bibliografica di Cinzia Bigliosi ; traduzione di Bruno Amato. 
260 |a Milano :  |b Feltrinelli,  |c 2001 
300 |a 668 p., \12! c. di tav. :  |b ill. ;  |c 23 cm. 
650 7 |a Colette  |2 scbi 
700 1 |a Amato, Bruno  |0 IT\ICCU\CFIV\096629 
700 1 |a Bigliosi, Cinzia  |0 IT\ICCU\RAVV\259891 
790 1 |a Bigliosi Franck, Cinzia  |3 IT\ICCU\CFIV\323245  |z Bigliosi, Cinzia 
830 3 |a Le comete  |0 IT\ICCU\MIL\0559443 
942 |2 ddc  |c BK  |n 0 
952 |0 0  |1 0  |4 0  |6 L_813_000000000000000_THU  |7 0  |9 15010  |a BO  |b BO  |d 2026-01-15  |i 6038  |l 0  |o L 813 THU  |p BO6038  |r 2026-01-15 23:18:56  |w 2026-01-15  |x [Sebina 5] [1 v.]  |y BK  |z 1 v. 
999 |c 12916  |d 12916